Former Country Names: Oceania Quiz Stats

 Plays Quiz not verified by Sporcle

Challenge
Share
Tweet
Embed
Score 0/11 Timer 01:00
0 Plays Today
Historical Name Present Day Country/Territory % Correct
Papua TerritoryPapua New Guinea
93.7%
Western SamoaSamoa
87.3%
Gilbert IslandsKiribati
66.7%
Ellice IslandsTuvalu
50.8%
New HollandAustralian continent
50.8%
Friendly IslandsTonga
34.9%
Van Diemen's Land Tasmania
31.7%
Northern Solomon Islands*Papua New Guinea
28.6%
Navigator's IslandsSamoa
9.5%
Savage IslandNiue
4.8%
Harvey IslandsCook Islands
1.6%

You're not logged in!

Compare scores with friends on all Sporcle quizzes.
Join for Free
OR
Log In

You Might Also Like...

Show Comments

Extras

Top Quizzes Today


Score Distribution

Your Account Isn't Verified!

In order to create a playlist on Sporcle, you need to verify the email address you used during registration. Go to your Sporcle Settings to finish the process.

Report this User

Report this user for behavior that violates our Community Guidelines.

Details: